| 000 | 00598nam a2200181 i 4500 | ||
|---|---|---|---|
| 001 | 73688 | ||
| 003 | ES-MaACL | ||
| 005 | 20230906171907.0 | ||
| 007 | t| | ||
| 008 | 040909s1978 sp ||||1| spa d | ||
| 100 | 0 |
_aGómez-Tabanera, José Manuel, _d1926-2011 _958165 |
|
| 245 | 1 | 3 |
_aLa conseja del hombre salvaje en la tradición popular de la Península Ibérica / _cJosé Manuel Gómez-Tabanera. |
| 260 |
_a[S. l. : _bs.n., _c1978] |
||
| 300 |
_a20 p. ; _c24 cm. |
||
| 500 | _aEs Separata de: "Homenaje a Julio Caro Baroja" | ||
| 852 |
_aES-MaACL _j2109-F-30 _bR.98690 |
||
| 999 |
_c73688 _d73688 |
||